MARC details
| 000 -LEADER |
| fixed length control field |
02921cam a2200385Ii 4500 |
| 001 - CONTROL NUMBER |
| control field |
om184234456 |
| 003 - CONTROL NUMBER IDENTIFIER |
| control field |
EG-ScBUE |
| 005 - DATE AND TIME OF LATEST TRANSACTION |
| control field |
20260218150357.0 |
| 008 - FIXED-LENGTH DATA ELEMENTS--GENERAL INFORMATION |
| fixed length control field |
180817s2019 ua f 001 0 eng d |
| 020 ## - INTERNATIONAL STANDARD BOOK NUMBER |
| International Standard Book Number |
9789774169069 |
| 040 ## - CATALOGING SOURCE |
| Original cataloging agency |
YDX |
| Language of cataloging |
eng |
| Description conventions |
rda |
| Transcribing agency |
YDX |
| Modifying agency |
BDX |
| -- |
OCLCQ |
| -- |
YDXIT |
| -- |
OCLCF |
| -- |
CBY |
| -- |
VT2 |
| -- |
OCLCO |
| -- |
OCL |
| -- |
EG-ScBUE |
| 043 ## - GEOGRAPHIC AREA CODE |
| Geographic area code |
e-fr--- |
| -- |
aw----- |
| 082 04 - DEWEY DECIMAL CLASSIFICATION NUMBER |
| Classification number |
070.92 |
| Edition number |
22 |
| Item number |
ROU |
| 100 1# - MAIN ENTRY--PERSONAL NAME |
| Personal name |
Rouleau, Eric, |
| Dates associated with a name |
1926- |
| Relator term |
author. |
| 240 10 - UNIFORM TITLE |
| Uniform title |
<a href="Dans les coulisses du Proche-Orient.">Dans les coulisses du Proche-Orient.</a> |
| Language of a work |
English. |
| 245 10 - TITLE STATEMENT |
| Title |
Truths and lies in the Middle East : |
| Remainder of title |
memoirs of a veteran journalist, 1952-2012 / |
| Statement of responsibility, etc |
Eric Rouleau ; foreword by Alain Gresh. |
| 264 #1 - PUBLICATION, DISTRIBUTION, ETC. (IMPRINT) |
| Place of publication, distribution, etc |
Cairo ; |
| -- |
New York |
| Name of publisher, distributor, etc |
The American University in Cairo Press, |
| Date of publication, distribution, etc |
2019. |
| 300 ## - PHYSICAL DESCRIPTION |
| Extent |
xix, 326 pages ; |
| Dimensions |
24 cm |
| 336 ## - CONTENT TYPE |
| Content type term |
text |
| Content type code |
txt |
| Source |
rdacontent |
| 337 ## - MEDIA TYPE |
| Media type term |
unmediated |
| Media type code |
n |
| Source |
rdamedia |
| 338 ## - CARRIER TYPE |
| Carrier type term |
volume |
| Carrier type code |
nc |
| Source |
rdacarrier |
| 500 ## - GENERAL NOTE |
| General note |
Includes index. |
| 505 0# - FORMATTED CONTENTS NOTE |
| Formatted contents note |
Acknowledgments -- Foreword: Éric Rouleau's empire / Alain Gresh-- Introduction -- Gamal Abd al-Nasser -- Egypt to the Egyptians -- The indispensable Torah -- My brother Ishmael -- The "Prussians" win out over the "Jews" -- The six-hour war -- The "liberal" occupation -- The survivor -- Missing peace -- The end of an era -- "De-Nasserization" -- War and diplomacy -- Lost illusions -- Update and renewal -- The Oslo deadlock -- Cassandra -- Index. |
| 520 ## - SUMMARY, ETC. |
| Summary, etc |
Eric Rouleau was one of the most celebrated journalists of his generation, a status he owed to his extraordinary career, which began when Hubert Beuve-Méry, director of Le Monde, charged him with covering the Near and Middle East. In 1963, Rouleau was invited by Gamal Abd al-Nasser to interview him in Cairo, a move which was not lost on the young Rouleau--going through him, a young Egyptian Jew who had been exiled from Egypt in late 1951, shortly before the Free Officers coup, was a means to renew diplomatic ties with de Gaulle's France. This exclusive interview, which immediately made headlines around the world, propelled Rouleau into the center of the region's conflicts for two decades. Writing between Cairo and Jerusalem, Rouleau was a chief witness to the wars of 1967 and 1973, narrating their events from behind the scenes. He was to meet all the major players, including Nasser, Levi Ashkol, Moshe Dayan, Golda Meir, Yasser Arafat, Ariel Sharon, and Anwar Sadat, painting striking portraits of each. More than a memoir, his book presents a history, lived from the inside, of the Israel-Palestine conflict. |
| 546 ## - LANGUAGE NOTE |
| Language note |
Translated from the French. |
| 600 17 - SUBJECT ADDED ENTRY--PERSONAL NAME |
| Personal name |
Rouleau, Eric, |
| Dates associated with a name |
1926- |
| 650 #7 - SUBJECT ADDED ENTRY--TOPICAL TERM |
| Topical term or geographic name as entry element |
Journalists |
| Geographic subdivision |
France |
| Form subdivision |
Biography. |
| Source of heading or term |
BUEsh |
| 650 #7 - SUBJECT ADDED ENTRY--TOPICAL TERM |
| Topical term or geographic name as entry element |
Journalists |
| Geographic subdivision |
Middle East |
| Form subdivision |
Biography. |
| Source of heading or term |
BUEsh |
| 650 #7 - SUBJECT ADDED ENTRY--TOPICAL TERM |
| Topical term or geographic name as entry element |
Arab-Israeli conflict. |
| Source of heading or term |
BUEsh |
| 653 ## - INDEX TERM--UNCONTROLLED |
| Arrived date list |
February2026 |
| Resource For college |
Communication and mass media |
| 655 ## - INDEX TERM--GENRE/FORM |
| Form subdivision |
Reading book |
| 700 1# - ADDED ENTRY--PERSONAL NAME |
| Personal name |
Gresh, Alain, |
| Relator term |
writer of foreword. |
| 942 ## - ADDED ENTRY ELEMENTS (KOHA) |
| Source of classification or shelving scheme |
Dewey Decimal Classification |
| Koha item type |
Book - Borrowing |